| 000 | 01211cam a2200385 a 4500 | ||
|---|---|---|---|
| 001 | brdocm30641721 | ||
| 003 | PWmBRO | ||
| 005 | 20160819125643.0 | ||
| 008 | 980428s1996 nyua j 001 0 eng | ||
| 010 | _a98144034 | ||
| 020 |
_c$12.95 _a 9780894808296 |
||
| 020 |
_a1563058758 _c$20.00 |
||
| 040 |
_aDLC _cDLC _dDLC _dOCoLC _dUtOrBLW |
||
| 050 | 0 | 0 |
_aRG525 _b.E36 1996 |
| 092 |
_a618.24 _bEi83w 1996 |
||
| 092 |
_aj618.24 _bEise 1996 |
||
| 100 | 1 | _aEisenberg, Arlene. | |
| 245 | 1 | 0 |
_aWhat to expect when you're expecting / _cArlene Eisenberg, Heidi E. Murkoff, Sandee E. Hathaway ; with a foreword by Richard Aubry. |
| 250 | _a2nd ed. | ||
| 260 |
_aNew York : _bWorkman Pub., _cc1996. |
||
| 300 |
_axxiii, 479 p. : _bill. ; _c23 cm. |
||
| 336 |
_atext _btxt _2rdacontent. |
||
| 337 |
_aunmediated _bn _2rdamedia. |
||
| 338 |
_avolume _bnc _2rdacarrier. |
||
| 500 | _aIncludes index. | ||
| 500 | _a"Newly updated"--Label on cover. | ||
| 500 | _a2nd ed. originally published in 1991. | ||
| 650 | 0 | _aPregnancy. | |
| 650 | 0 | _aChildbirth. | |
| 650 | 0 | _aPostnatal care. | |
| 650 | 1 | _aBabies. | |
| 700 | 1 | _aMurkoff, Heidi Eisenberg. | |
| 700 | 1 | _aHathaway, Sandee Eisenberg. | |
| 942 |
_2ddc _cBK |
||
| 999 |
_c16157 _d16157 |
||